Theories and techniques in vegetation analysis. (Record no. 32004)

MARC details
000 -LEADER
fixed length control field 00377nam a2200133Ia 4500
082 ## - DEWEY DECIMAL CLASSIFICATION NUMBER
Classification number 551.588
Item number RAN
100 ## - MAIN ENTRY--AUTHOR NAME
Personal name RANDALL, Roland E
245 #0 - TITLE STATEMENT
Title Theories and techniques in vegetation analysis.
260 ## - PUBLICATION, DISTRIBUTION, ETC. (IMPRINT)
Place of publication London
Name of publisher Oxford
Year of publication 1978
490 ## - SERIES STATEMENT
Series statement Theory and practice in geography
650 ## - SUBJECT ADDED ENTRY--TOPICAL TERM
Topical Term Vegetation analysis
942 ## - ADDED ENTRY ELEMENTS (KOHA)
Koha item type Books
Holdings
Withdrawn status Lost status Damaged status Not for loan Home library Current library Date acquired Full call number Accession Number Koha item type
        RRII Library RRII Library 16/12/2021 551.588 RAN 12530 Books